| 000 | 00835nac a22002171u 4500 | ||
|---|---|---|---|
| 010 | _a 88022763 | ||
| 020 | _a0471635510 | ||
| 022 | _a047150355x | ||
| 082 | 0 | 0 |
_a658.562 _bB2185 |
| 090 |
_c4447 _d4447 |
||
| 100 | _aBanks, Jerry. | ||
| 245 | 1 | 0 |
_aPrinciples of quality control / _cJerry Banks. |
| 260 |
_aNew York : _bWiley, _cc1989. |
||
| 300 |
_axxx, 634 p. : _bill. ; _c26 cm. |
||
| 504 | _aIncludes bibliographies and indexes. | ||
| 650 | 0 | _aQuality control. | |
| 856 | 4 | 2 |
_3Publisher description _uhttp://www.loc.gov/catdir/description/wiley034/88022763.html |
| 856 | 4 | 2 |
_3Table of Contents _uhttp://www.loc.gov/catdir/toc/onix05/88022763.html |
| 942 |
_cBB _k658.562B2185 |
||
| 999 |
_c4447 _d4447 |
||